Widok standardowy
Widok MARC
Pozycja Personal Name
Liczba rekordów, w których użyto hasła: 1
001 - Numer kontrolny
- control field: 40153
003 - Identyfikator numeru kontrolnego
- control field: NUKAT
005 - Data i czas ostatniej modyfikacji
- control field: 20260416112501.0
008 - Dane kontrolne kodowane (40 znaków)
- fixed length control field: 160919n||a|znnaabn |a aaa |c
010 ## - Numer kontrolny Biblioteki Kongresu
- numer kontrolny LC: n 2016178188
040 ## - Instytucja sporządzająca rekord
- inst. przygot. dane do rek. khw: KR U/aps
- język haseł przedmiotowych/tezaurus: kaba
- inst. wprow. rek. khw: KR U/aps
- inst. modyf. rek. khw: GD 103/szym
100 1# - Hasło - nazwa osobowa
- nazwa osobowa w formie ujednoliconej: Wiśniewska, Monika
- dopowiedzenie inne niż daty biograficzne: (zakonnica).
400 1# - Trop zob. - nazwa osobowa
- nazwa osobowa (nazwisko, imiona): Wiśniewska, Joanna
- dopowiedzenia inne niż daty biograficzne: (zakonnica).
400 0# - Trop zob. - nazwa osobowa
- nazwa osobowa (nazwisko, imiona): Siostra Joanna.
400 0# - Trop zob. - nazwa osobowa
- nazwa osobowa (nazwisko, imiona): Joanna, siostra.
670 ## - Źródło informacji
- źródło informacji: Przeszłość i przyszłość prawicy / pod red. Roberta Mieczkowskiego. - Warszawa ; Krosno, 2016.
- gdzie znaleziono informację: Aut. ; s. 113: (doktorantka na kierunku historia w Instytucie Nauk Historycznych UKSW w Warszawie, członkini Towarzystwa Historii Edukacji przy UW, członkini Komisji Historycznej Konferencji Wyższych Przełożonych Żeńskich Zgromadzeń Zakonnych w Polsce)
670 ## - Źródło informacji
- źródło informacji: BNPol online
670 ## - Źródło informacji
- źródło informacji: Studia Polonijne T. 34 (2013)
- adres internetowy: https://tnkul.pl/files/userfiles/files/SP34_2013_s077-108_Wisniewska.pdf
670 ## - Źródło informacji
- źródło informacji: Edukacja w PRL / pod red. Moniki Wiśniewskiej. - Warszawa, 2016.
- gdzie znaleziono informację: Biogram
675 ## - Źródło nie podające informacji
- wskazanie źródła: OPI online, 19.09.16